ਤਸਦੀਕ : (Record no. 110127)
[ view plain ]
| 000 -LEADER | |
|---|---|
| fixed length control field | 00860nam a22002537a 4500 |
| 005 - DATE AND TIME OF LATEST TRANSACTION | |
| control field | 20170123164148.0 |
| 010 ## - LIBRARY OF CONGRESS CONTROL NUMBER | |
| LC control number | B-028394 |
| 020 ## - INTERNATIONAL STANDARD BOOK NUMBER | |
| Terms of availability | 275.00 |
| 035 ## - SYSTEM CONTROL NUMBER | |
| System control number | B-028394 |
| 037 ## - SOURCE OF ACQUISITION | |
| Stock number | Cen Lib / Ret |
| 040 ## - CATALOGING SOURCE | |
| Original cataloging agency | DPL |
| Language of cataloging | PN |
| 082 ## - DEWEY DECIMAL CLASSIFICATION NUMBER | |
| Classification number | ਓ |
| Item number | ਸਵਰ |
| 100 ## - MAIN ENTRY--PERSONAL NAME | |
| Personal name | ਸਵਰਨ ਚੰਦਨ |
| 9 (RLIN) | 128788 |
| 245 ## - TITLE STATEMENT | |
| Title | ਤਸਦੀਕ : |
| Statement of responsibility, etc | ਸਵਰਨ ਚੰਦਨ |
| Remainder of title | ਨਾਵਲ / |
| 246 ## - VARYING FORM OF TITLE | |
| Title proper/short title | Tasdeek : novel / |
| Remainder of title | by Swaran Chandan |
| 260 ## - PUBLICATION, DISTRIBUTION, ETC. (IMPRINT) | |
| Place of publication, distribution, etc | ਦਿੱਲੀ |
| Name of publisher, distributor, etc | ਆਰਸੀ ਪਬਲਿਸ਼ਰਜ਼ |
| Date of publication, distribution, etc | 2000 |
| 270 ## - ADDRESS | |
| Address | ਚਾਂਦਨੀ ਚੋਕ |
| City | ਦਿੱਲੀ |
| Postal code | 110006 |
| 300 ## - PHYSICAL DESCRIPTION | |
| Extent | 342p. |
| Other physical details | 22cm(Hb) |
| 600 ## - SUBJECT ADDED ENTRY--PERSONAL NAME | |
| Personal name | ਨਾਵਲ -- ਪੰਜਾਬੀ |
| 9 (RLIN) | 128789 |
| 650 ## - SUBJECT ADDED ENTRY--TOPICAL TERM | |
| Topical term or geographic name as entry element | ਪੰਜਾਬੀ ਸਾਹਿਤ |
| 9 (RLIN) | 128790 |
| 650 ## - SUBJECT ADDED ENTRY--TOPICAL TERM | |
| Topical term or geographic name as entry element | Punjabi Novel |
| 9 (RLIN) | 6285 |
| 650 ## - SUBJECT ADDED ENTRY--TOPICAL TERM | |
| Topical term or geographic name as entry element | Literature -- Punjabi |
| 9 (RLIN) | 128791 |
| 942 ## - ADDED ENTRY ELEMENTS (KOHA) | |
| Source of classification or shelving scheme | Dewey Decimal Classification |
| Koha item type | Punjabi Bks |
| Classification part | ਓ |
| Call number suffix | ਸਵਰ |
| Withdrawn status | Lost status | Damaged status | Not for loan | Home library | Current library | Date acquired | Source of acquisition | Cost, normal purchase price | Total Checkouts | Full call number | Barcode | Date last seen | Copy number | Cost, replacement price | Price effective from | Koha item type |
|---|---|---|---|---|---|---|---|---|---|---|---|---|---|---|---|---|
| Central Library | Central Library | 14/01/2016 | Cen Lib/Ret | 275.00 | ਓ ਸਵਰ | B-028394 | 14/01/2016 | 1 | 275.00 | 15/09/2016 | Punjabi Bks |
